Propuesta preliminar de reordenamiento ambiental que eleve la calidad de vida en la comarca La Boquita con criterios de sustentabilidad
Se examinan los problemas que afectan el medio construido e influyen en la calidad de vida en la comarca la Boquita, objeto de análisis, partiendo de la aplicación de un instrumental de evaluación atendiendo a los factores que intervienen en su comportamiento, determinando posibles propuestas que...
| Main Authors: | , |
|---|---|
| Other Authors: | |
| Format: | Tesis Section = Libro |
| Language: | Undetermined Spanish |
| Published: |
Managua
UNI
2013
|
| Subjects: |
| LEADER | 01238nam a2200253Ia 4500 | ||
|---|---|---|---|
| 008 | 240830s9999 xx 000 0 und d | ||
| 040 | |a BIBLIOTECA-RUSB/ T.Mon 333.7 M537 | ||
| 041 | |a spa | ||
| 082 | |a T.Mon 333.7 M537 | ||
| 100 | 1 | |a Mendieta Muñoz, Juan Bosco | |
| 100 | 1 | |b Flores Obregón, Cesar Alfredo | |
| 245 | 1 | 0 | |a Propuesta preliminar de reordenamiento ambiental que eleve la calidad de vida en la comarca La Boquita con criterios de sustentabilidad |
| 260 | |a Managua |b UNI |c 2013 | ||
| 300 | |a 159 p. :il. | ||
| 502 | |a Tesis (Arquitecto) - UNI, 2013. | ||
| 520 | 3 | |a Se examinan los problemas que afectan el medio construido e influyen en la calidad de vida en la comarca la Boquita, objeto de análisis, partiendo de la aplicación de un instrumental de evaluación atendiendo a los factores que intervienen en su comportamiento, determinando posibles propuestas que impulsan una solución apropiada. | |
| 650 | 7 | |a MEDIO AMBIENTE -GESTIÓN AMBIENTAL | |
| 650 | 7 | |b CALIDAD DE VIDA - BOQUITA DIRIAMBA | |
| 650 | 7 | |c CALIDAD AMBIENTAL DEL TERRITORIO | |
| 650 | 7 | |d ORDENAMIENTO AMBIENTAL DE LA BOQUITA - DIRIAMBA | |
| 700 | 1 | |a Tutor: |b Gómez Ortega, Graciela Dionides | |
| 942 | |c BK |2 ddc | ||
| 991 | |a TESIS | ||
| 999 | |c 21689 | ||